000 00476nam a22001697a 4500
005 20251108172702.0
008 250721s2003 xx 000 0 ara d
082 1 4 _a741.5/هاش
100 1 _aالهاشمي، مجد
_eمؤلف
245 1 0 _aالكاريكاتير فن الحياة /
264 1 _aعمان :
_bدار المناهج،
_c2003.
300 _a150ص.
650 1 7 _aالفنون الحديثة
650 1 7 _aالرسم
942 _2ddc
_cBK
999 _c85894
_d85894